ARRUPE JESUIT UNIVERSITY

CORONAVIRUS -STOP THE SPREAD - CLEAN,DISINFECT,COVER

The capability approach as a more holistic framework for assessing and improving social welfare in Uganda (Record no. 129837)

MARC details
000 -LEADER
fixed length control field 00501nam a22001457a 4500
008 - FIXED-LENGTH DATA ELEMENTS--GENERAL INFORMATION
fixed length control field 190919b ||||| |||| 00| 0 eng d
050 ## - LIBRARY OF CONGRESS CALL NUMBER
Classification number SPC. DT1.T50 L928
100 ## - MAIN ENTRY--PERSONAL NAME
Personal name Aloysious, Lubega
9 (RLIN) 48141
245 ## - TITLE STATEMENT
Title The capability approach as a more holistic framework for assessing and improving social welfare in Uganda
Statement of responsibility, etc Aloysious Lubega
260 ## - PUBLICATION, DISTRIBUTION, ETC. (IMPRINT)
Place of publication, distribution, etc Harare
Name of publisher, distributor, etc Arrupe College
Date of publication, distribution, etc 2015
300 ## - PHYSICAL DESCRIPTION
Extent xi, 149p. ;
Dimensions 31cm.
500 ## - GENERAL NOTE
General note Thesis
651 ## - SUBJECT ADDED ENTRY--GEOGRAPHIC NAME
Geographic name Uganda
General subdivision Social services
9 (RLIN) 48142
942 ## - ADDED ENTRY ELEMENTS (KOHA)
Source of classification or shelving scheme Library of Congress Classification
Item type SPC
Holdings
Withdrawn status Lost status Source of classification or shelving scheme Damaged status Not for loan Collection code Home library Current library Shelving location Date acquired Total Checkouts Full call number Barcode Date last seen Price effective from Koha item type
    Library of Congress Classification     SPECIAL Collection ARRUPE LIBRARY ARRUPE LIBRARY REFERENCE 19/09/2019   SPC. DT1.T50 L928 46600002995 19/09/2019 19/09/2019 SPC

 

Arrupe Library. PO Box MP320 Mt Pleasant, Harare, Zimbabwe
263 242 745411|librarian@aju.ac.zw